000 00865nam a2200265 a 4500
001 000010175
003 OSt
005 20240412074215.0
007 ta
008 091005s1981 dr a 000 p spa d
040 _aDO-SdBNP
_bspa
_cBNPHU
041 _hspa
082 _aRD861.44
_bG643c
100 1 _aGonzález Núñez, Juan Aristides
_925175
245 1 0 _aCofre de mi yo /
_cJuan Aristides González Núñez ; prólogo Eladio Silfa López.
260 _aSanto Domingo :
_bImpresora Ángel,
_c1981.
300 _a144 p. :
_bil. ; retrs. ;
_c21 cm.
500 _aIncluye datos biográficos del autor en la contracubierta.
590 _aInventariado, 2018/LP
650 0 _aPoesía dominicana
_966
650 0 _aLiteratura dominicana.
_967
700 1 _aSilfa López, Eladio,
_epról.
_925176
910 _aValidado. Control de calidad BNPHU
942 _2ddc
_cLBS1
999 _c9934
_d9934